C++ programming : from problem analysis to program design / (Record no. 720)

MARC details
000 -LEADER
fixed length control field 01101cam a2200313 a 4500
001 - CONTROL NUMBER
control field 17083736
003 - CONTROL NUMBER IDENTIFIER
control field OSt
005 - DATE AND TIME OF LATEST TRANSACTION
control field 20250420134822.0
008 - FIXED-LENGTH DATA ELEMENTS--GENERAL INFORMATION
fixed length control field 111214s2013 maua 001 0 eng
010 ## - LIBRARY OF CONGRESS CONTROL NUMBER
LC control number 2011945466
020 ## - INTERNATIONAL STANDARD BOOK NUMBER
International Standard Book Number 9781133626381
040 ## - CATALOGING SOURCE
Original cataloging agency DLC
Transcribing agency KCST
Modifying agency DLC
042 ## - AUTHENTICATION CODE
Authentication code pcc
050 00 - LIBRARY OF CONGRESS CALL NUMBER
Classification number QA76.73.C153
Item number M268 2013
082 00 - DEWEY DECIMAL CLASSIFICATION NUMBER
Classification number 005.133
Edition information 23
Item number Ma Cp
100 1# - MAIN ENTRY--PERSONAL NAME
Personal name Malik, D. S.
9 (RLIN) 5427
245 10 - TITLE STATEMENT
Title C++ programming : from problem analysis to program design /
Statement of responsibility, etc. D.S. Malik.
246 3# - VARYING FORM OF TITLE
Title proper/short title C plus plus programming.
250 ## - EDITION STATEMENT
Edition statement 6th ed.
260 ## - PUBLICATION, DISTRIBUTION, ETC.
Place of publication, distribution, etc. Boston, MA :
Name of publisher, distributor, etc. Cengage Learning,
Date of publication, distribution, etc. c2013.
300 ## - PHYSICAL DESCRIPTION
Extent xli, 1398 p. :
Other physical details col. ill. ;
Dimensions 23 cm.
500 ## - GENERAL NOTE
General note Includes index.
650 #0 - SUBJECT ADDED ENTRY--TOPICAL TERM
Topical term or geographic name entry element C++ (Computer program language)
9 (RLIN) 162
856 42 - ELECTRONIC LOCATION AND ACCESS
Materials specified Contributor biographical information
Uniform Resource Identifier <a href="http://www.loc.gov/catdir/enhancements/fy1303/2011945466-b.html">http://www.loc.gov/catdir/enhancements/fy1303/2011945466-b.html</a>
856 42 - ELECTRONIC LOCATION AND ACCESS
Materials specified Publisher description
Uniform Resource Identifier <a href="http://www.loc.gov/catdir/enhancements/fy1303/2011945466-d.html">http://www.loc.gov/catdir/enhancements/fy1303/2011945466-d.html</a>
856 41 - ELECTRONIC LOCATION AND ACCESS
Materials specified Table of contents only
Uniform Resource Identifier <a href="http://www.loc.gov/catdir/enhancements/fy1303/2011945466-t.html">http://www.loc.gov/catdir/enhancements/fy1303/2011945466-t.html</a>
942 ## - ADDED ENTRY ELEMENTS (KOHA)
Koha item type Book
942 ## - ADDED ENTRY ELEMENTS (KOHA)
Source of classification or shelving scheme Dewey Decimal Classification
Holdings
Withdrawn status Lost status Source of classification or shelving scheme Damaged status Not for loan Home library Current library Date acquired Cost, normal purchase price Total checkouts Full call number Barcode Date last seen Date last checked out Price effective from Koha item type
    Dewey Decimal Classification     KCST Library KCST Library 08/11/2021 128.38 1 005.133 Ma Cp 1000001005 01/02/2024 06/09/2023 08/11/2021 Course Textbook
    Dewey Decimal Classification     KCST Library KCST Library 08/11/2021 128.38   005.133 Ma Cp 1000001006 08/11/2021   08/11/2021 Course Textbook
© 2025 KCST. All rights reserved